US quarterly market perspective (Record no. 109547)
[ view plain ]
| 000 -LEADER | |
|---|---|
| fixed length control field | 01001cad a22002295a 4500 |
| 001 - CONTROL NUMBER | |
| control field | L147417 |
| 008 - FIXED-LENGTH DATA ELEMENTS--GENERAL INFORMATION | |
| fixed length control field | 090511s2009 xxub f s 000 0 eng d |
| 035 ## - SYSTEM CONTROL NUMBER | |
| System control number | (Sirsi) u147417 |
| 041 0# - LANGUAGE CODE | |
| Language code of text/sound track or separate title | eng |
| 050 04 - LIBRARY OF CONGRESS CALL NUMBER | |
| Classification number | 333.33 $2 18 |
| 110 2# - MAIN ENTRY--CORPORATE NAME | |
| Corporate name or jurisdiction name as entry element | Pramerica Real Estate Investors |
| 9 (RLIN) | 5594 |
| 245 00 - TITLE STATEMENT | |
| Title | US quarterly market perspective |
| Remainder of title | April 2009 |
| Medium | [electronic resource] |
| 260 ## - PUBLICATION, DISTRIBUTION, ETC. | |
| Place of publication, distribution, etc. | Parsipanny, NJ |
| Name of publisher, distributor, etc. | Pramerica Real Estate Investors |
| Date of publication, distribution, etc. | 2009 |
| 490 #0 - SERIES STATEMENT | |
| Series statement | PREI US Quarterly Market Perspective |
| Volume/sequential designation | April 2009 |
| 520 ## - SUMMARY, ETC. | |
| Summary, etc. | Reports that the commercial property market is still suffering due to increasing unemployment and falling customer spending. Transaction activity remains slow and property values are falling fast. |
| 521 ## - TARGET AUDIENCE NOTE | |
| Target audience note | Advanced |
| 590 ## - LOCAL NOTE (RLIN) | |
| Local note | KA |
| 651 #4 - SUBJECT ADDED ENTRY--GEOGRAPHIC NAME | |
| Geographic name | United States |
| Chronological subdivision | 1959- |
| 690 ## - LOCAL SUBJECT ADDED ENTRY--TOPICAL TERM (OCLC, RLIN) | |
| Topical term or geographic name as entry element | PROPERTY-COMMERCIAL PROPERTY-COMMERCIAL PROPERTY MARKET |
| 856 40 - ELECTRONIC LOCATION AND ACCESS | |
| Uniform Resource Identifier | <a href="https://www.pramericarei.com/pramerica/realestate/index.html">https://www.pramericarei.com/pramerica/realestate/index.html</a> |
| Public note | View the item free of charge at www.pramericarei.com... |
| 942 ## - ADDED ENTRY ELEMENTS (KOHA) | |
| Suppress in OPAC | 0 |
| Withdrawn status | Lost status | Source of classification or shelving scheme | Damaged status | Not for loan | Home library | Current library | Shelving location | Date acquired | Total Checkouts | Full call number | Barcode | Date last seen | Copy number | Price effective from | Koha item type |
|---|---|---|---|---|---|---|---|---|---|---|---|---|---|---|---|
| Dewey Decimal Classification | Virtual | Virtual | Online | 11/05/2009 | ONLINE PUBLICATION | 147417-2001 | 06/08/2019 | 1 | 06/08/2019 | Book |